[Event "6th Sarkany-Aranytiz GM"]
[Site "Budapest"]
[Date "2015.08.15"]
[Round "1"]
[Board "1"]
[White "Szabo, Gergely-Andras-Gyula"]
[Black "Kovacs, Gabor"]
[Result "1-0"]
[WhiteElo "2551"]
[BlackElo "2489"]
[PlyCount "0"]
[EventDate "2015.08.15"]
[EventRounds "9"]
[EventCountry "HUN"]

1. d4 {[%clk 1:30:21]} d5 {[%clk 1:30:26]} 2. c4 {[%clk 1:30:41]} e6
{[%clk 1:30:52]} 3. Nf3 {[%clk 1:31:06]} Nf6 {[%clk 1:31:20]} 4. g3
{[%clk 1:31:29]} Be7 {[%clk 1:31:48]} 5. Bg2 {[%clk 1:31:50]} O-O
{[%clk 1:32:13]} 6. O-O {[%clk 1:32:11]} dxc4 {[%clk 1:32:40]} 7. Qc2
{[%clk 1:32:33]} a6 {[%clk 1:33:07]} 8. a4 {[%clk 1:32:50]} Bd7 {[%clk 1:33:34]}
9. Qxc4 {[%clk 1:32:32]} Bc6 {[%clk 1:34:00]} 10. Bf4 {[%clk 1:31:42]} Bd6
{[%clk 1:33:20]} 11. Qc1 {[%clk 1:30:18]} Nbd7 {[%clk 1:27:37]} 12. Nc3
{[%clk 1:27:28]} Nd5 {[%clk 0:55:39]} 13. Bg5 {[%clk 1:06:26]} Qe8
{[%clk 0:48:03]} 14. Qc2 {[%clk 0:53:23]} Nb4 {[%clk 0:33:18]} 15. Qb3
{[%clk 0:49:40]} Nd5 {[%clk 0:24:00]} 16. Ne1 {[%clk 0:37:55]} h6
{[%clk 0:21:37]} 17. Bd2 {[%clk 0:36:29]} N7f6 {[%clk 0:20:58]} 18. Nd3
{[%clk 0:33:53]} Nxc3 {[%clk 0:17:17]} 19. bxc3 {[%clk 0:33:05]} Bxg2
{[%clk 0:16:38]} 20. Kxg2 {[%clk 0:33:19]} b5 {[%clk 0:17:01]} 21. f3
{[%clk 0:29:07]} c6 {[%clk 0:11:14]} 22. e4 {[%clk 0:26:10]} Be7 {[%clk 0:10:19]}
23. c4 {[%clk 0:20:35]} Qd7 {[%clk 0:06:05]} 24. Be3 {[%clk 0:19:34]} Rfc8
{[%clk 0:05:03]} 25. Rfc1 {[%clk 0:11:11]} Ne8 {[%clk 0:04:58]} 26. Ne5
{[%clk 0:07:51]} Qb7 {[%clk 0:05:01]} 27. axb5 {[%clk 0:06:57]} axb5
{[%clk 0:05:20]} 28. cxb5 {[%clk 0:07:12]} Qxb5 {[%clk 0:03:25]} 29. Qc2
{[%clk 0:05:30]} Rxa1 {[%clk 0:03:27]} 30. Rxa1 {[%clk 0:05:56]} Bf6
{[%clk 0:03:16]} 31. Rb1 {[%clk 0:05:03]} Qa6 {[%clk 0:03:05]} 32. Nd3
{[%clk 0:04:18]} Qa7 {[%clk 0:02:32]} 33. Nc5 {[%clk 0:03:08]} Rb8
{[%clk 0:02:27]} 34. Bf2 {[%clk 0:03:02]} Rxb1 {[%clk 0:02:26]} 35. Qxb1
{[%clk 0:03:30]} Be7 {[%clk 0:02:51]} 36. Nd3 {[%clk 0:03:13]} Qc7
{[%clk 0:02:20]} 37. Qc2 {[%clk 0:03:09]} Bd6 {[%clk 0:02:28]} 38. Qa4
{[%clk 0:03:17]} Kf8 {[%clk 0:02:30]} 39. Qa8 {[%clk 0:03:09]} h5
{[%clk 0:01:43]} 40. Qa6 {[%clk 0:31:09]} Kg8 {[%clk 0:31:11]} 41. Be1
{[%clk 0:27:08]} Kf8 {[%clk 0:25:55]} 42. Ba5 {[%clk 0:22:27]} Qd7
{[%clk 0:26:16]} 43. Bb6 {[%clk 0:20:08]} Kg8 {[%clk 0:23:30]} 44. Qa8
{[%clk 0:18:30]} Kf8 {[%clk 0:15:40]} 45. Kf2 {[%clk 0:09:51]} h4
{[%clk 0:15:34]} 46. gxh4 {[%clk 0:07:40]} f6 {[%clk 0:11:41]} 47. Ke2
{[%clk 0:03:32]} Kf7 {[%clk 0:11:23]} 48. h3 {[%clk 0:02:07]} Kg6
{[%clk 0:10:58]} 49. Bc5 {[%clk 0:01:41]} Kh5 {[%clk 0:06:46]} 50. Bxd6
{[%clk 0:01:51]} Nxd6 {[%clk 0:07:11]} 51. Qg8 {[%clk 0:00:57]} Kh6
{[%clk 0:05:59]} 52. Qh8+ {[%clk 0:01:08]} Kg6 {[%clk 0:06:28]} 53. h5+
{[%clk 0:01:01]} Kf7 {[%clk 0:05:39]} 54. h6 {[%clk 0:00:54]} gxh6
{[%clk 0:06:05]} 55. Qh7+ {[%clk 0:00:51]} Ke8 {[%clk 0:06:34]} 56. Qg8+
{[%clk 0:01:15]} Ke7 {[%clk 0:07:00]} 57. Nf4 {[%clk 0:01:33]} Nb5
{[%clk 0:05:55]} 58. Qg7+ {[%clk 0:00:42]} Ke8 {[%clk 0:06:24]} 59. Qh8+
{[%clk 0:00:41]} Ke7 {[%clk 0:06:43]} 60. Ng6+ {[%clk 0:00:43]} Kd6
{[%clk 0:06:53]} 61. Qb8+ {[%clk 0:00:49]} Qc7 {[%clk 0:07:10]} 62. e5+
{[%clk 0:01:10]} fxe5 {[%clk 0:07:31]} 63. Qf8+ {[%clk 0:01:36]} 1-0

[Event "6th Sarkany-Aranytiz GM"]
[Site "Budapest"]
[Date "2015.08.15"]
[Round "1"]
[Board "3"]
[White "Balog, Imre"]
[Black "Rajlich, Iweta"]
[Result "1-0"]
[WhiteElo "2537"]
[BlackElo "2392"]
[PlyCount "0"]
[EventDate "2015.08.15"]
[EventRounds "9"]
[EventCountry "HUN"]

1. c4 {[%clk 1:30:26]} c5 {[%clk 1:30:08]} 2. g3 {[%clk 1:30:49]} Nc6
{[%clk 1:30:20]} 3. Bg2 {[%clk 1:31:08]} g6 {[%clk 1:30:30]} 4. Nc3
{[%clk 1:31:15]} Bg7 {[%clk 1:30:56]} 5. a3 {[%clk 1:31:39]} d6 {[%clk 1:31:00]}
6. Nf3 {[%clk 1:31:44]} e5 {[%clk 1:22:42]} 7. O-O {[%clk 1:30:55]} Nge7
{[%clk 1:22:59]} 8. b4 {[%clk 1:30:22]} Be6 {[%clk 1:20:07]} 9. Ng5
{[%clk 1:27:43]} Bxc4 {[%clk 1:11:05]} 10. d3 {[%clk 1:27:02]} cxb4
{[%clk 1:08:19]} 11. axb4 {[%clk 1:27:07]} Be6 {[%clk 1:07:12]} 12. Nxe6
{[%clk 1:26:08]} fxe6 {[%clk 1:07:40]} 13. b5 {[%clk 1:26:36]} Na5
{[%clk 0:57:50]} 14. Qa4 {[%clk 1:25:52]} Rc8 {[%clk 0:48:39]} 15. Ne4
{[%clk 1:19:36]} b6 {[%clk 0:45:50]} 16. Ba3 {[%clk 1:19:59]} d5 {[%clk 0:41:35]}
17. Nd6+ {[%clk 1:19:55]} Kd7 {[%clk 0:42:00]} 18. Nxc8 {[%clk 1:20:18]} Nxc8
{[%clk 0:39:39]} 19. e4 {[%clk 1:19:23]} d4 {[%clk 0:39:03]} 20. Bb4
{[%clk 1:19:47]} Bh6 {[%clk 0:32:37]} 21. Bxa5 {[%clk 1:19:52]} bxa5
{[%clk 0:33:04]} 22. b6+ {[%clk 1:20:17]} Ke7 {[%clk 0:33:18]} 23. b7
{[%clk 1:20:40]} Nd6 {[%clk 0:32:48]} 24. Rfb1 {[%clk 1:21:04]} Bd2
{[%clk 0:26:41]} 25. b8=Q {[%clk 1:20:50]} Qxb8 {[%clk 0:27:10]} 26. Rxb8
{[%clk 1:21:10]} Rxb8 {[%clk 0:27:39]} 27. Qa2 {[%clk 1:21:32]} Bc3
{[%clk 0:25:59]} 28. Bh3 {[%clk 1:21:57]} 1-0

[Event "6th Sarkany-Aranytiz GM"]
[Site "Budapest"]
[Date "2015.08.15"]
[Round "1"]
[Board "4"]
[White "Torma, Robert"]
[Black "Zhou, Yang-Fan"]
[Result "1/2-1/2"]
[WhiteElo "2434"]
[BlackElo "2473"]
[PlyCount "0"]
[EventDate "2015.08.15"]
[EventRounds "9"]
[EventCountry "HUN"]

1. d4 {[%clk 1:30:27]} Nf6 {[%clk 1:15:23]} 2. c4 {[%clk 1:30:49]} d6
{[%clk 1:15:48]} 3. Nc3 {[%clk 1:31:02]} e5 {[%clk 1:16:14]} 4. Nf3
{[%clk 1:31:07]} Nbd7 {[%clk 1:16:40]} 5. e4 {[%clk 1:30:44]} g6 {[%clk 1:17:05]}
6. Be2 {[%clk 1:30:29]} Bg7 {[%clk 1:17:30]} 7. Be3 {[%clk 1:30:17]} O-O
{[%clk 1:16:44]} 8. d5 {[%clk 1:30:14]} Ng4 {[%clk 1:11:06]} 9. Bg5
{[%clk 1:30:15]} f6 {[%clk 1:11:32]} 10. Bd2 {[%clk 1:30:23]} Nh6
{[%clk 0:59:43]} 11. h4 {[%clk 1:30:08]} f5 {[%clk 0:58:12]} 12. h5
{[%clk 1:29:13]} Nf7 {[%clk 0:54:09]} 13. hxg6 {[%clk 1:20:28]} hxg6
{[%clk 0:54:37]} 14. Qc2 {[%clk 1:09:37]} Nc5 {[%clk 0:50:32]} 15. Nh4
{[%clk 0:50:35]} Qf6 {[%clk 0:50:57]} 16. exf5 {[%clk 0:45:34]} gxf5
{[%clk 0:50:17]} 17. g4 {[%clk 0:39:30]} e4 {[%clk 0:44:41]} 18. gxf5
{[%clk 0:38:22]} Nd3+ {[%clk 0:32:48]} 19. Bxd3 {[%clk 0:37:33]} exd3
{[%clk 0:33:16]} 20. Qxd3 {[%clk 0:37:21]} Ne5 {[%clk 0:33:10]} 21. Qe4
{[%clk 0:24:51]} Bxf5 {[%clk 0:32:35]} 22. Nxf5 {[%clk 0:25:09]} Qxf5
{[%clk 0:32:58]} 23. O-O-O {[%clk 0:18:32]} Nd3+ {[%clk 0:08:37]} 24. Kc2
{[%clk 0:17:51]} Qxe4 {[%clk 0:05:56]} 25. Nxe4 {[%clk 0:18:17]} Nxf2
{[%clk 0:06:23]} 26. Nxf2 {[%clk 0:18:41]} Rxf2 {[%clk 0:06:50]} 27. Rdg1
{[%clk 0:10:41]} Re8 {[%clk 0:04:32]} 28. Kc1 {[%clk 0:09:08]} Ree2
{[%clk 0:01:52]} 29. Bh6 {[%clk 0:03:12]} Rc2+ {[%clk 0:01:07]} 30. Kd1
{[%clk 0:03:37]} Rg2 {[%clk 0:01:31]} 31. Bxg7 {[%clk 0:03:21]} Kxg7
{[%clk 0:01:04]} 32. Rh2 {[%clk 0:01:26]} Rcd2+ {[%clk 0:01:10]} 33. Kc1
{[%clk 0:01:52]} Rc2+ {[%clk 0:01:32]} 34. Kd1 {[%clk 0:02:19]} Rcd2+
{[%clk 0:01:53]} 35. Kc1 {[%clk 0:02:44]} 1/2-1/2

[Event "6th Sarkany-Aranytiz GM"]
[Site "Budapest"]
[Date "2015.08.15"]
[Round "1"]
[Board "5"]
[White "Almasi, Istvan"]
[Black "Horvath, Csaba"]
[Result "1/2-1/2"]
[WhiteElo "2405"]
[BlackElo "2540"]
[PlyCount "0"]
[EventDate "2015.08.15"]
[EventRounds "9"]
[EventCountry "HUN"]

1. e4 {[%clk 1:30:21]} c6 {[%clk 1:27:51]} 2. c4 {[%clk 1:26:41]} e5
{[%clk 1:24:26]} 3. Nf3 {[%clk 1:26:28]} d6 {[%clk 1:24:50]} 4. d4
{[%clk 1:26:31]} Nd7 {[%clk 1:24:49]} 5. Nc3 {[%clk 1:26:30]} Ngf6
{[%clk 1:24:58]} 6. Be2 {[%clk 1:23:52]} g6 {[%clk 1:24:14]} 7. O-O
{[%clk 1:22:55]} Bg7 {[%clk 1:24:38]} 8. h3 {[%clk 1:12:19]} O-O {[%clk 1:22:24]}
9. Be3 {[%clk 1:12:40]} exd4 {[%clk 1:17:18]} 10. Bxd4 {[%clk 1:05:50]} Re8
{[%clk 1:11:46]} 11. Qc2 {[%clk 1:02:51]} Nc5 {[%clk 0:57:58]} 12. Nd2
{[%clk 0:38:15]} Ne6 {[%clk 0:40:49]} 13. Be3 {[%clk 0:38:33]} Nd7
{[%clk 0:37:00]} 14. Rad1 {[%clk 0:31:10]} Nd4 {[%clk 0:34:36]} 15. Bxd4
{[%clk 0:31:22]} Bxd4 {[%clk 0:35:04]} 16. Nf3 {[%clk 0:30:59]} Bg7
{[%clk 0:34:21]} 17. Rxd6 {[%clk 0:27:35]} Qe7 {[%clk 0:31:05]} 18. Rfd1
{[%clk 0:27:09]} Nc5 {[%clk 0:20:33]} 19. e5 {[%clk 0:27:14]} Bf5
{[%clk 0:16:12]} 20. Qd2 {[%clk 0:26:34]} Bxe5 {[%clk 0:15:09]} 21. Nxe5
{[%clk 0:27:00]} Qxe5 {[%clk 0:15:33]} 1/2-1/2

[Event "Sarkany-Aranytiz GM"]
[Site "Budapest"]
[Date "2015.08.16"]
[Round "2.1"]
[White "Kovacs, Gabor"]
[Black "Horvath, Csaba"]
[Result "1/2-1/2"]
[BlackElo "2540"]
[WhiteElo "2489"]
[LiveChessVersion "1.4.6"]

1. d4 {[%clk 1:30:13]} Nf6 {[%clk 1:30:09]} 2. Nf3 {[%clk 1:30:39]} d5
{[%clk 1:29:58]} 3. c4 {[%clk 1:31:00]} e6 {[%clk 1:29:53]} 4. Nc3
{[%clk 1:31:17]} dxc4 {[%clk 1:29:57]} 5. e3 {[%clk 1:31:43]} a6 {[%clk 1:29:58]}
6. Bxc4 {[%clk 1:31:16]} b5 {[%clk 1:30:06]} 7. Be2 {[%clk 1:31:31]} Bb7
{[%clk 1:29:32]} 8. O-O {[%clk 1:31:57]} Nbd7 {[%clk 1:28:49]} 9. Bd2
{[%clk 1:31:47]} Bd6 {[%clk 1:22:33]} 10. Qc2 {[%clk 1:29:39]} c5
{[%clk 1:19:28]} 11. Rac1 {[%clk 1:23:06]} Rc8 {[%clk 1:16:24]} 12. Qb1
{[%clk 1:23:30]} O-O {[%clk 1:15:12]} 13. Rfd1 {[%clk 1:23:30]} Qe7
{[%clk 1:07:01]} 1/2-1/2

[Event "Sarkany-Aranytiz GM"]
[Site "Budapest"]
[Date "2015.08.16"]
[Round "2.2"]
[White "Zhou, Yang-Fan"]
[Black "Almasi, Istvan"]
[Result "1/2-1/2"]
[BlackElo "2405"]
[WhiteElo "2473"]
[LiveChessVersion "1.4.6"]

1. e4 {[%clk 1:30:27]} e6 {[%clk 1:30:22]} 2. d4 {[%clk 1:30:52]} d5
{[%clk 1:30:49]} 3. e5 {[%clk 1:31:19]} c5 {[%clk 1:30:46]} 4. c3
{[%clk 1:31:45]} Nc6 {[%clk 1:25:25]} 5. Nf3 {[%clk 1:32:07]} Bd7
{[%clk 1:22:58]} 6. Be2 {[%clk 1:32:32]} f6 {[%clk 1:23:05]} 7. O-O
{[%clk 1:32:43]} fxe5 {[%clk 1:19:30]} 8. Nxe5 {[%clk 1:33:07]} Nxe5
{[%clk 1:18:58]} 9. dxe5 {[%clk 1:33:34]} Qc7 {[%clk 1:16:53]} 10. c4
{[%clk 1:33:59]} d4 {[%clk 1:14:42]} 11. Bf4 {[%clk 1:34:19]} Ne7
{[%clk 1:12:19]} 12. Nd2 {[%clk 1:29:14]} Bc6 {[%clk 1:11:40]} 13. Bd3
{[%clk 1:23:04]} g6 {[%clk 1:06:02]} 14. Ne4 {[%clk 1:02:15]} Bxe4
{[%clk 1:06:26]} 15. Bxe4 {[%clk 1:02:42]} Bg7 {[%clk 1:03:48]} 16. Qa4+
{[%clk 1:02:15]} Kf7 {[%clk 1:02:44]} 17. Rae1 {[%clk 0:50:57]} Rhf8
{[%clk 0:59:54]} 18. Bg3 {[%clk 0:51:25]} Kg8 {[%clk 0:50:18]} 19. f4
{[%clk 0:51:45]} Bh6 {[%clk 0:49:30]} 20. Rf3 {[%clk 0:51:29]} a6
{[%clk 0:33:34]} 21. Ref1 {[%clk 0:50:48]} Rad8 {[%clk 0:31:36]} 22. Bh4
{[%clk 0:36:51]} Rd7 {[%clk 0:29:39]} 23. g4 {[%clk 0:30:19]} d3 {[%clk 0:16:44]}
24. Bxe7 {[%clk 0:19:37]} Rxe7 {[%clk 0:17:13]} 25. g5 {[%clk 0:20:01]} Bg7
{[%clk 0:15:38]} 26. Bxd3 {[%clk 0:18:04]} Qd8 {[%clk 0:13:46]} 27. Qc2
{[%clk 0:15:29]} Rd7 {[%clk 0:12:46]} 28. h4 {[%clk 0:12:33]} Rd4
{[%clk 0:12:36]} 29. R1f2 {[%clk 0:10:20]} Rf7 {[%clk 0:07:09]} 30. Bf1
{[%clk 0:06:50]} Qf8 {[%clk 0:06:55]} 31. Bh3 {[%clk 0:03:39]} 1/2-1/2

[Event "Sarkany-Aranytiz GM"]
[Site "Budapest"]
[Date "2015.08.16"]
[Round "2.3"]
[White "Rajlich, Iweta"]
[Black "Torma, Robert"]
[Result "0-1"]
[BlackElo "2434"]
[WhiteElo "2392"]
[LiveChessVersion "1.4.6"]

1. d4 {[%clk 1:30:26]} d5 {[%clk 1:30:25]} 2. Nf3 {[%clk 1:30:52]} Nf6
{[%clk 1:30:49]} 3. g3 {[%clk 1:31:19]} c5 {[%clk 1:30:57]} 4. dxc5
{[%clk 1:30:23]} e6 {[%clk 1:25:23]} 5. Bg2 {[%clk 1:30:33]} Bxc5
{[%clk 1:25:10]} 6. O-O {[%clk 1:30:55]} O-O {[%clk 1:25:05]} 7. c4
{[%clk 1:29:57]} Nc6 {[%clk 1:17:47]} 8. cxd5 {[%clk 1:29:36]} exd5
{[%clk 1:17:25]} 9. a3 {[%clk 1:29:52]} a5 {[%clk 1:12:53]} 10. Bg5
{[%clk 1:25:09]} Be6 {[%clk 1:02:01]} 11. Nc3 {[%clk 1:22:30]} h6
{[%clk 0:49:46]} 12. Bxf6 {[%clk 1:18:48]} Qxf6 {[%clk 0:50:12]} 13. Ne1
{[%clk 1:12:36]} d4 {[%clk 0:34:52]} 14. Ne4 {[%clk 1:12:32]} Qe7
{[%clk 0:35:14]} 15. Nxc5 {[%clk 1:11:24]} Qxc5 {[%clk 0:35:40]} 16. Rc1
{[%clk 1:01:25]} Qd6 {[%clk 0:33:22]} 17. Nd3 {[%clk 0:58:26]} Bd5
{[%clk 0:27:46]} 18. Bxd5 {[%clk 0:51:47]} Qxd5 {[%clk 0:28:13]} 19. Rc5
{[%clk 0:51:17]} Qd7 {[%clk 0:24:51]} 20. Qd2 {[%clk 0:49:11]} Rfe8
{[%clk 0:23:46]} 21. Nf4 {[%clk 0:45:39]} Re5 {[%clk 0:16:09]} 22. Rfc1
{[%clk 0:42:54]} Rae8 {[%clk 0:14:27]} 23. b4 {[%clk 0:38:41]} axb4
{[%clk 0:14:26]} 24. axb4 {[%clk 0:39:10]} Qd6 {[%clk 0:12:34]} 25. h4
{[%clk 0:37:35]} Rxc5 {[%clk 0:08:35]} 26. Rxc5 {[%clk 0:35:36]} Re5
{[%clk 0:07:55]} 27. Nd3 {[%clk 0:31:09]} Rxc5 {[%clk 0:08:03]} 28. bxc5
{[%clk 0:30:07]} Qd5 {[%clk 0:08:07]} 29. Qf4 {[%clk 0:29:28]} Qd8
{[%clk 0:03:13]} 30. Qe4 {[%clk 0:26:51]} Qd7 {[%clk 0:01:56]} 31. Kg2
{[%clk 0:24:47]} g6 {[%clk 0:01:31]} 32. g4 {[%clk 0:20:34]} Kg7 {[%clk 0:01:36]}
33. g5 {[%clk 0:16:38]} hxg5 {[%clk 0:01:50]} 34. hxg5 {[%clk 0:17:06]} Qd8
{[%clk 0:01:09]} 35. f4 {[%clk 0:15:44]} f6 {[%clk 0:01:12]} 36. Nb4
{[%clk 0:08:45]} fxg5 {[%clk 0:00:35]} 37. Nxc6 {[%clk 0:09:07]} bxc6
{[%clk 0:01:01]} 38. Qxc6 {[%clk 0:08:51]} gxf4 {[%clk 0:01:10]} 39. Kf3
{[%clk 0:06:49]} Qe7 {[%clk 0:01:22]} 40. Qe4 {[%clk 0:34:23]} Qxc5
{[%clk 0:31:44]} 41. Kxf4 {[%clk 0:33:40]} Kf6 {[%clk 0:24:00]} 42. Qa8
{[%clk 0:22:25]} Qe5+ {[%clk 0:23:21]} 43. Kf3 {[%clk 0:22:31]} Qe3+
{[%clk 0:23:46]} 44. Kg2 {[%clk 0:21:03]} Qxe2+ {[%clk 0:24:11]} 45. Kh1
{[%clk 0:21:22]} Qe1+ {[%clk 0:15:49]} 46. Kg2 {[%clk 0:21:38]} Qe5
{[%clk 0:14:15]} 47. Qd8+ {[%clk 0:21:29]} Kf5 {[%clk 0:14:20]} 48. Qc8+
{[%clk 0:19:50]} Kg5 {[%clk 0:14:33]} 49. Qc1+ {[%clk 0:18:17]} Qf4
{[%clk 0:14:46]} 50. Qc5+ {[%clk 0:18:18]} Kh6 {[%clk 0:14:50]} 51. Qc8
{[%clk 0:16:52]} Qe4+ {[%clk 0:14:48]} 52. Kg3 {[%clk 0:15:53]} Qe3+
{[%clk 0:14:55]} 53. Kg2 {[%clk 0:15:59]} d3 {[%clk 0:13:54]} 54. Qh8+
{[%clk 0:16:01]} Kg5 {[%clk 0:14:21]} 55. Qd8+ {[%clk 0:16:25]} Kh5
{[%clk 0:14:35]} 56. Qh8+ {[%clk 0:16:16]} Qh6 {[%clk 0:14:29]} 57. Qd4
{[%clk 0:16:14]} Qg5+ {[%clk 0:07:27]} 58. Kf3 {[%clk 0:15:17]} Qf5+
{[%clk 0:07:21]} 59. Kg3 {[%clk 0:13:08]} g5 {[%clk 0:06:14]} 60. Qh8+
{[%clk 0:13:16]} Kg6 {[%clk 0:06:39]} 61. Qg8+ {[%clk 0:13:28]} Kf6
{[%clk 0:06:40]} 62. Qf8+ {[%clk 0:12:58]} Ke5 {[%clk 0:06:28]} 63. Qc5+
{[%clk 0:09:33]} Ke4 {[%clk 0:06:48]} 64. Qb4+ {[%clk 0:09:31]} Kd5
{[%clk 0:07:08]} 65. Qb5+ {[%clk 0:07:14]} Ke6 {[%clk 0:07:32]} 66. Qc6+
{[%clk 0:05:46]} Kf7 {[%clk 0:05:42]} 67. Qb7+ {[%clk 0:03:48]} Kg6
{[%clk 0:05:26]} 68. Qc6+ {[%clk 0:04:05]} Kg7 {[%clk 0:05:37]} 69. Qc3+
{[%clk 0:04:12]} Kh7 {[%clk 0:05:19]} 70. Qc7+ {[%clk 0:04:14]} Kh6
{[%clk 0:05:37]} 71. Qc6+ {[%clk 0:03:49]} Qg6 {[%clk 0:05:56]} 72. Qh1+
{[%clk 0:04:11]} Kg7 {[%clk 0:06:18]} 73. Qd5 {[%clk 0:03:58]} g4
{[%clk 0:02:36]} 74. Qd4+ {[%clk 0:03:45]} Kh7 {[%clk 0:02:24]} 75. Qd7+
{[%clk 0:02:51]} Kh6 {[%clk 0:02:48]} 76. Qd4 {[%clk 0:02:56]} Qf5
{[%clk 0:02:37]} 77. Qh8+ {[%clk 0:03:14]} Kg6 {[%clk 0:02:55]} 78. Qe8+
{[%clk 0:03:21]} Kf6 {[%clk 0:02:47]} 79. Qf8+ {[%clk 0:03:16]} Ke5
{[%clk 0:03:10]} 80. Qc5+ {[%clk 0:03:43]} Ke4 {[%clk 0:03:32]} 81. Qb4+
{[%clk 0:03:56]} Kd5 {[%clk 0:03:54]} 82. Qb5+ {[%clk 0:04:19]} Ke6
{[%clk 0:04:17]} 83. Qc6+ {[%clk 0:04:17]} Ke7 {[%clk 0:04:40]} 84. Qc7+
{[%clk 0:03:10]} Qd7 {[%clk 0:04:45]} 85. Qe5+ {[%clk 0:03:28]} Qe6
{[%clk 0:03:14]} 86. Qc7+ {[%clk 0:03:19]} Ke8 {[%clk 0:03:07]} 87. Qb8+
{[%clk 0:03:03]} Kf7 {[%clk 0:03:26]} 88. Qa7+ {[%clk 0:02:26]} Kf6
{[%clk 0:02:38]} 89. Kf4 {[%clk 0:01:46]} d2 {[%clk 0:01:41]} 90. Qd4+
{[%clk 0:01:44]} Kf7 {[%clk 0:02:02]} 91. Qd3 {[%clk 0:00:41]} Qh6+
{[%clk 0:01:33]} 0-1

[Event "Sarkany-Aranytiz GM"]
[Site "Budapest"]
[Date "2015.08.16"]
[Round "2.4"]
[White "Nguyen, Huynh Minh Huy"]
[Black "Balog, Imre"]
[Result "1-0"]
[BlackElo "2537"]
[WhiteElo "2496"]
[LiveChessVersion "1.4.6"]

1. d4 {[%clk 1:16:07]} d5 {[%clk 1:29:57]} 2. c4 {[%clk 1:16:09]} c6
{[%clk 1:30:19]} 3. Nf3 {[%clk 1:14:40]} Nf6 {[%clk 1:30:14]} 4. Qb3
{[%clk 1:13:45]} dxc4 {[%clk 1:28:50]} 5. Qxc4 {[%clk 1:14:07]} g6
{[%clk 1:28:54]} 6. Nc3 {[%clk 1:04:56]} Bg7 {[%clk 1:26:57]} 7. e4
{[%clk 1:04:45]} b5 {[%clk 1:25:50]} 8. Qb3 {[%clk 1:02:42]} Be6 {[%clk 1:21:09]}
9. Qc2 {[%clk 1:02:40]} Bg4 {[%clk 1:21:33]} 10. Be3 {[%clk 1:02:55]} Bxf3
{[%clk 1:21:20]} 11. gxf3 {[%clk 1:03:19]} O-O {[%clk 1:19:36]} 12. e5
{[%clk 0:55:09]} Nd5 {[%clk 1:17:10]} 13. Nxd5 {[%clk 0:52:10]} cxd5
{[%clk 1:17:01]} 14. Bd3 {[%clk 0:51:32]} Qb6 {[%clk 1:14:51]} 15. Rc1
{[%clk 0:51:28]} a6 {[%clk 1:07:04]} 16. h4 {[%clk 0:48:55]} Nd7 {[%clk 1:06:54]}
17. Ke2 {[%clk 0:48:08]} Rfd8 {[%clk 1:02:10]} 18. Qc7 {[%clk 0:44:04]} h5
{[%clk 1:01:45]} 19. b3 {[%clk 0:43:25]} Kf8 {[%clk 0:58:55]} 20. Qxb6
{[%clk 0:39:25]} Nxb6 {[%clk 0:59:19]} 21. Rc6 {[%clk 0:39:50]} Nc8
{[%clk 0:55:22]} 22. Rhc1 {[%clk 0:35:46]} e6 {[%clk 0:50:29]} 23. Bg5
{[%clk 0:33:48]} Re8 {[%clk 0:50:35]} 24. Rc7 {[%clk 0:34:12]} Nb6
{[%clk 0:51:03]} 25. R1c6 {[%clk 0:30:23]} Rec8 {[%clk 0:49:39]} 26. Rxc8+
{[%clk 0:25:15]} Nxc8 {[%clk 0:49:10]} 27. a4 {[%clk 0:24:28]} bxa4
{[%clk 0:49:33]} 28. bxa4 {[%clk 0:24:53]} a5 {[%clk 0:49:58]} 29. Rc7
{[%clk 0:21:01]} Kg8 {[%clk 0:47:36]} 30. Bb5 {[%clk 0:17:27]} Nb6
{[%clk 0:47:45]} 31. Rc6 {[%clk 0:13:13]} Nc4 {[%clk 0:45:04]} 32. Bxc4
{[%clk 0:13:16]} dxc4 {[%clk 0:45:31]} 33. Rxc4 {[%clk 0:13:38]} Bf8
{[%clk 0:45:55]} 34. Kd3 {[%clk 0:14:00]} Rb8 {[%clk 0:46:01]} 35. Ke4
{[%clk 0:11:48]} Bb4 {[%clk 0:46:00]} 36. d5 {[%clk 0:11:09]} exd5+
{[%clk 0:46:24]} 37. Kxd5 {[%clk 0:11:35]} Be1 {[%clk 0:46:38]} 38. Rc2
{[%clk 0:11:23]} Kf8 {[%clk 0:46:59]} 39. Be3 {[%clk 0:04:41]} Rd8+
{[%clk 0:45:28]} 40. Ke4 {[%clk 0:35:03]} Ke8 {[%clk 1:15:30]} 41. f4
{[%clk 0:32:27]} Rb8 {[%clk 1:15:30]} 42. Rc1 {[%clk 0:30:58]} Bb4
{[%clk 1:14:55]} 43. f5 {[%clk 0:30:00]} Be7 {[%clk 1:12:25]} 44. f6
{[%clk 0:29:47]} Bd8 {[%clk 1:11:46]} 45. Kd5 {[%clk 0:27:43]} Kd7
{[%clk 1:11:36]} 46. Rc6 {[%clk 0:27:12]} Rb1 {[%clk 1:10:24]} 47. Bd4
{[%clk 0:27:16]} Rd1 {[%clk 1:09:22]} 48. Rd6+ {[%clk 0:27:08]} Kc8
{[%clk 1:09:19]} 49. Kc6 {[%clk 0:22:38]} Bc7 {[%clk 1:09:10]} 50. Rd5
{[%clk 0:23:02]} Bd8 {[%clk 1:03:23]} 51. Kd6 {[%clk 0:22:32]} g5
{[%clk 1:00:18]} 52. hxg5 {[%clk 0:22:16]} h4 {[%clk 1:00:47]} 53. Be3
{[%clk 0:21:05]} Rb1 {[%clk 0:58:28]} 54. Rc5+ {[%clk 0:19:46]} Kb7
{[%clk 0:58:46]} 55. Rc1 {[%clk 0:19:53]} Rb3 {[%clk 0:57:46]} 56. e6
{[%clk 0:19:48]} 1-0

[Event "Sarkany-Aranytiz GM"]
[Site "Budapest"]
[Date "2015.08.17"]
[Round "3.1"]
[White "Horvath, Csaba"]
[Black "Zhou, Yang-Fan"]
[Result "1/2-1/2"]
[BlackElo "2473"]
[WhiteElo "2540"]
[LiveChessVersion "1.4.6"]

1. d4 {[%clk 1:27:15]} Nf6 {[%clk 1:30:24]} 2. c4 {[%clk 1:27:21]} g6
{[%clk 1:30:50]} 3. Nc3 {[%clk 1:27:44]} Bg7 {[%clk 1:31:16]} 4. e4
{[%clk 1:28:08]} O-O {[%clk 1:31:42]} 5. Bg5 {[%clk 1:28:19]} d6 {[%clk 1:31:46]}
6. Qd2 {[%clk 1:28:38]} Na6 {[%clk 1:25:20]} 7. Bd3 {[%clk 1:28:00]} c6
{[%clk 1:21:45]} 8. Nge2 {[%clk 1:27:50]} e5 {[%clk 1:19:48]} 9. d5
{[%clk 1:26:50]} Bd7 {[%clk 1:11:47]} 10. O-O {[%clk 1:21:38]} Nc5
{[%clk 1:11:26]} 11. Bc2 {[%clk 1:21:49]} cxd5 {[%clk 1:09:07]} 12. exd5
{[%clk 1:21:05]} Qb6 {[%clk 1:02:13]} 13. Rab1 {[%clk 1:16:42]} a5
{[%clk 1:02:37]} 14. Ng3 {[%clk 0:56:30]} Rfc8 {[%clk 0:56:10]} 15. Kh1
{[%clk 0:55:21]} Ne8 {[%clk 0:51:15]} 16. f4 {[%clk 0:24:56]} f5 {[%clk 0:51:40]}
17. fxe5 {[%clk 0:16:38]} dxe5 {[%clk 0:52:08]} 18. Bh6 {[%clk 0:16:49]} f4
{[%clk 0:30:50]} 19. Bxg7 {[%clk 0:17:13]} Nxg7 {[%clk 0:30:44]} 20. d6
{[%clk 0:16:06]} Be6 {[%clk 0:23:25]} 21. Nd5 {[%clk 0:14:58]} Bxd5
{[%clk 0:23:51]} 22. Qxd5+ {[%clk 0:15:25]} Kh8 {[%clk 0:24:00]} 23. Ne4
{[%clk 0:13:41]} Nxe4 {[%clk 0:21:47]} 24. Bxe4 {[%clk 0:14:08]} Rc5
{[%clk 0:22:12]} 25. Qxb7 {[%clk 0:11:47]} Qxb7 {[%clk 0:22:06]} 26. Bxb7
{[%clk 0:12:15]} Rd8 {[%clk 0:21:51]} 27. b4 {[%clk 0:01:45]} axb4
{[%clk 0:18:47]} 28. Rxb4 {[%clk 0:02:14]} Nf5 {[%clk 0:19:10]} 29. Rb5
{[%clk 0:01:05]} Rxc4 {[%clk 0:15:49]} 30. Rxe5 {[%clk 0:01:33]} Rxd6
{[%clk 0:16:13]} 31. Re4 {[%clk 0:00:35]} Rc7 {[%clk 0:11:33]} 32. Rb4
{[%clk 0:01:01]} Ne3 {[%clk 0:08:36]} 33. Rfb1 {[%clk 0:01:28]} Rd2
{[%clk 0:08:19]} 34. h4 {[%clk 0:00:36]} Rxa2 {[%clk 0:04:10]} 35. Rxf4
{[%clk 0:01:04]} Kg7 {[%clk 0:02:23]} 1/2-1/2